000 00640nam a2200181Ia 4500
008 100920s9999 xx 000 0 und d
082 _b106560
_a28 व 891,43 0
100 _aइन्दुरख्या पराग.
245 _aमजेदार पहेलियाँ.
260 _bआशिष पब्लिकेशन,जबलपुर.
_c0
300 _a32
_bसाधी
365 _b0
520 _aबा.वि.हिंदी.
630 _aमजेदार पहेलियाँ.
650 _aबा.वि.हिंदी.
730 _aमजेदार पहेलियाँ.
942 _cBOOK
999 _c746988
_d746985